[Event "Tourn. n8827"]
[Site "www.chess-mail.com"]
[Date "2016.12.31"]
[Round "1"]
[White "Tevere"]
[Black "Louis"]
[WhiteElo "1940"]
[BlackElo "2000"]
[Result "0-1"]
[Round "1"]
1.d4 Ng8f6
2.c4 e6
3.Nb1c3 Bf8b4
4.a3 Bb4xc3
5.bxc3 c5
6.d5 O-O
7.f3 d6
8.e4 exd5
9.cxd5 Nf6h5
10.Qd1c2 f5
11.Ng1e2 fxe4
12.Qc2xe4 Bc8f5
13.Qe4e3 Bf5g6
14.g4 Rf8e8
15.Qe3g5 Nh5f6
16.Bc1f4 c4
17.Rh1g1 Qd8b6
18.Rg1g2 Nb8d7
19.Ra1d1 a6
20.Rg2g3 Nd7c5
21.Bf4e3 Nf6d7
22.Kf2 Qb6a5
23.Be3d4 Qa5xa3
24.Kg1 Nd7e5
25.Rg3h3 Qa3a4
26.Qg5d2 Nc5b3
27.Qd2g5 Nb3xd4
28.Rd1xd4 a5
29.f4 h6
30.Qg5h4 Ne5f7
31.f5 Bg6h7
32.Ne2f4 Qa4c2
33.Rd4xc4 a4
34.Rc4c7 a3
35.Qh4h5 Re8f8
36.Nf4d3 a2
37.Nd3b4 Qc2b1
38.Nb4xa2 Ra8xa2
39.Rc7e7 Ra2a1
40.Rh3f3 b6
41.Rf3f2 Qb1b3
42.f6 g6
43.Qh5h3 Ra1a3
44.Qh3f3 Qb3xc3
45.Qf3xc3 Ra3xc3
46.Re7b7 Rc3b3
47.h4 Nf7e5
48.Bf1e2 Rb3g3
49.Rf2g2 Rg3xg2
50.Kxg2 Rf8xf6
51.Rb7b8 Rf6f8
52.Rb8xb6 Rf8d8
53.Rb6b4 g5
54.h5 Bh7c2
55.Kg1 Rd8e8
56.Rb4b6 Ne5f7
57.Kf2 Kg7
58.Rb6b2 Re8c8
59.Rb2b4 Kf6
60.Ke1 Rc8c3
61.Kd2 Rc3c5
62.Be2f3 Bc2h7
63.Rb4b7 Rc5c4
64.Ke3 Rc4c2
65.Rb7b6 Ke5
66.Rb6b7 Rc2c3
67.Kf2 Kf6
68.Rb7b6 Bh7d3
69.Rb6c6 Rc3xc6
70.dxc6 Ke7
71.Bf3d5 Nf7e5
{ resign }
0-1

[Event "Tourn. n9140"]
[Site "www.chess-mail.com"]
[Date "2016.12.31"]
[Round "1"]
[White "Bojan"]
[Black "Norlavuaram"]
[WhiteElo "2040"]
[BlackElo "2160"]
[Result "1-0"]
[Round "1"]
1.e4 e5
2.Ng1f3 Nb8c6
3.Bf1b5 a6
4.Bb5xc6 dxc6
5.h3 Qd8d6
6.c3 c5
7.d3 Ng8f6
8.Bc1e3 b6
9.Qd1c2 Bc8b7
10.Nb1d2 b5
11.Ra1d1 Bf8e7
12.Nf3h2 O-O
13.a3 Ra8d8
14.a4 Qd6xd3
15.Qc2xd3 Rd8xd3
16.axb5 axb5
17.Ke2 Rf8d8
18.f3 b4
19.Nd2c4 Rd3xd1
20.Rh1xd1 Rd8xd1
21.Kxd1 Be7d6
22.cxb4 cxb4
23.Kc2 Nf6e8
24.Nh2g4 f6
25.Be3d2 c5
26.Ng4e3 Kf7
27.Kb3 Bd6f8
28.Ka4 Ke6
29.Kb5 Bb7c8
30.Kb6 Bc8d7
31.b3 g6
32.Ne3d5 f5
33.Bd2e3 fxe4
34.fxe4 h6
35.Nd5c7 Ne8xc7
36.Kxc7 h5
37.Kb6 Bf8e7
38.Be3xc5 Be7d8
39.Kb7 Bd7b5
40.Bc5xb4 Bd8g5
41.Kb6 Bb5e8
42.Bb4c5 Bg5d8
43.Kb7 Bd8h4
44.Bc5e3 g5
45.Ka6 Be8c6
46.Nc4d2 g4
47.hxg4 hxg4
48.b4 Bh4e1
49.b5 Be1xd2
50.bxc6 Bd2xe3
51.c7 Kd7
52.Kb7 { resign }
1-0

[Event "Tourn. n9066"]
[Site "www.chess-mail.com"]
[Date "2016.12.31"]
[Round "1"]
[White "Tartan"]
[Black "Aperturaf"]
[WhiteElo "2450"]
[BlackElo "2300"]
[Result "0-1"]
[Round "1"]
1.e4 e6
2.d4 d5
3.Nb1c3 Ng8f6
4.Bc1g5 Bf8b4
5.e5 h6
6.Bg5d2 Bb4xc3
7.bxc3 Nf6e4
8.Qd1g4 g6
9.Bf1d3 Ne4xd2
10.Kxd2 c5
11.Ng1f3 Nb8c6
12.Ra1b1 cxd4
13.cxd4 Qd8a5
14.Ke3 b6
15.Rb1b5 Qa5a4
16.Rb5b2 Bc8a6
17.Rh1b1 Ra8c8
18.Qg4h4 Ba6xd3
19.cxd3 g5
20.Qh4h5 Nc6e7
21.h4 Ne7f5
{ resign }
0-1

[Event "Tourn. n9126"]
[Site "www.chess-mail.com"]
[Date "2016.12.31"]
[Round "1"]
[White "Urbe69"]
[Black "Norlavuaram"]
[WhiteElo "2030"]
[BlackElo "2230"]
[Result "1/2-1/2"]
[Round "1"]
1.d4 Ng8f6
2.Ng1f3 g6
3.g3 Bf8g7
4.Bf1g2 O-O
5.O-O d6
6.a4 c6
7.a5 Qd8c7
8.Nb1c3 e5
9.dxe5 dxe5
10.e4 Nb8a6
11.Qd1e2 Bc8g4
12.h3 Bg4xf3
13.Bg2xf3 Na6c5
14.Bc1e3 Nc5e6
15.Rf1d1 Ra8d8
16.Rd1xd8 Rf8xd8
17.Be3xa7 Ne6d4
18.Ba7xd4 exd4
19.Nc3d1 c5
20.a6 bxa6
21.Ra1xa6 c4
22.e5 d3
23.cxd3 cxd3
24.Qe2e3 Nf6d5
25.Bf3xd5 Rd8xd5
26.Ra6a8 Rd5d8
27.Ra8xd8 Qc7xd8
28.e6 fxe6
29.Qe3xe6 Kh8
30.b4 Bg7d4
31.Qe6c4 Bd4f6
32.b5 d2
33.Qc4c6 Qd8e7
34.Qc6c8 Kg7
35.Nd1e3 Qe7xe3
36.Qc8d7 Qe3e7
37.Qd7xd2 Qe7b7
38.Qd2e2 Bf6d4
39.Qe2c4 Bd4e5
40.g4 Qb7c7
41.Qc4e4 Qc7c1
42.Kg2 Qc1f4
43.Qe4xf4 Be5xf4
44.Kf3 Bf4c7
45.Ke4 Bc7b6
46.f4 Kf6
47.f5 gxf5
48.gxf5 Bb6c7
49.h4 h5
50.Kf3 Kxf5
51.Kg2 Kg4
52.Kh1 Kxh4
53.Kg2 Bc7b6
{ draw }
1/2-1/2

[Event "Tourn. n9069"]
[Site "www.chess-mail.com"]
[Date "2016.12.31"]
[Round "1"]
[White "Osopanda"]
[Black "Guidom"]
[WhiteElo "2050"]
[BlackElo "2150"]
[Result "0-1"]
[Round "1"]
1.d4 d5
2.c4 e6
3.Nb1c3 Ng8f6
4.Bc1g5 Nb8d7
5.cxd5 exd5
6.Ng1f3 c6
7.g3 Bf8e7
8.Bf1g2 O-O
9.O-O h6
10.Bg5f4 Nd7b6
11.Nf3e5 Bc8f5
12.f3 Nf6h5
13.Bf4e3 Bf5e6
14.f4 Nh5f6
15.h3 Nb6d7
16.f5 Nd7xe5
17.fxe6 Ne5c4
18.exf7 Rf8xf7
19.Be3c1 Qd8d6
20.Bc1f4 Qd6d7
21.e4 dxe4
22.Nc3xe4 Nf6xe4
23.Bg2xe4 Ra8d8
24.Qd1c2 Qd7xd4
25.Kh2 Nc4d2
26.Be4h7 Kh8
27.Rf1d1 Qd4f2
28.Kh1 Rf7xf4
29.gxf4 Qf2f3
30.Kh2 Qf3xf4
31.Kg2 Qf4f3
32.Kg1 Qf3g3
33.Kh1 Qg3xh3
34.Kg1 Nd2f3
35.Kf2 Be7h4
36.Ke3 Nf3d4
37.Kd2 Nd4xc2
38.Kxc2 Rd8xd1
{ resign }
0-1

[Event "Tourn. n9076"]
[Site "www.chess-mail.com"]
[Date "2016.12.31"]
[Round "1"]
[White "Bojan"]
[Black "Julian"]
[WhiteElo "2000"]
[BlackElo "1860"]
[Result "0-1"]
[Round "1"]
1.e4 c5
2.Ng1f3 d6
3.Bf1c4 e6
4.d3 Nb8c6
5.a3 Ng8e7
6.Bc1e3 g6
7.c3 Bf8g7
8.Qd1d2 O-O
9.b4 b6
10.Ra1a2 Bc8b7
11.d4 cxd4
12.cxd4 Ra8c8
13.Qd2d3 d5
14.exd5 exd5
15.Bc4b5 Ne7f5
16.Be3g5 f6
17.Bg5f4 Rf8e8
18.Kd2 Nf5d6
19.Bb5a6 Bb7xa6
20.Qd3b3 Ba6c4
21.Qb3c2 Bc4xa2
22.Qc2xa2 Nd6c4
23.Kd3 g5
24.Bf4g3 h5
25.h3 g4
26.hxg4 hxg4
27.Nf3d2 Qd8e7
28.Nb1c3 Nc4xd2
29.Kxd2 Nc6xd4
30.Bg3f4 Rc8c4
31.Bf4e3 f5
32.Be3xd4 Rc4xd4
33.Kc1 Rd4c4
34.Kb1 Bg7xc3
35.Rh1c1 Qe7e4
36.Qa2c2 Qe4xc2
37.Rc1xc2 Re8e1
{ resign }
0-1

[Event "Tourn. n9119"]
[Site "www.chess-mail.com"]
[Date "2016.12.31"]
[Round "1"]
[White "Caspito"]
[Black "Julian"]
[WhiteElo "1880"]
[BlackElo "1950"]
[Result "0-1"]
[Round "1"]
1.e4 c5
2.b3 d6
3.c4 e6
4.Bc1b2 Ng8f6
5.d3 Nb8c6
6.Ng1f3 Bf8e7
7.Nb1c3 O-O
8.g3 a6
9.Bf1g2 Ra8b8
10.O-O Qd8c7
11.Qd1d2 Nc6d4
12.Nf3xd4 cxd4
13.Nc3e2 e5
14.a3 Bc8e6
15.a4 b5
16.axb5 axb5
17.Qd2a5 Qc7xa5
18.Ra1xa5 bxc4
19.dxc4 Rb8xb3
20.Bb2a3 Be6xc4
21.Bg2f3 Rb3xf3
{ resign }
0-1

[Event "Tourn. n9140"]
[Site "www.chess-mail.com"]
[Date "2016.12.31"]
[Round "1"]
[White "Bojan"]
[Black "Luban"]
[WhiteElo "2040"]
[BlackElo "2060"]
[Result "0-1"]
[Round "1"]
1.e4 c5
2.Bf1c4 e6
3.Ng1f3 a6
4.c3 d5
5.exd5 exd5
6.Bc4b3 h6
7.h3 Ng8f6
8.d3 Bc8e6
9.Qd1e2 Bf8e7
10.Bc1f4 Nb8c6
11.Nb1d2 O-O
12.Nf3h2 Rf8e8
13.O-O Be7d6
14.Qe2f3 Bd6xf4
15.Qf3xf4 Ra8c8
16.Nd2f3 Qd8c7
17.Qf4h4 b5
18.Ra1c1 Be6f5
19.Bb3c2 Nc6e5
20.Nf3xe5 Re8xe5
21.Rf1e1 Rc8e8
22.f3 c4
23.Re1d1 cxd3
24.Bc2xd3 Bf5xd3
25.Rd1xd3 Re5e2
26.Qh4b4 Qc7g3
{ resign }
0-1

[Event "Tourn. n9117"]
[Site "www.chess-mail.com"]
[Date "2016.12.31"]
[Round "1"]
[White "Hippomoomoo"]
[Black "Huw"]
[WhiteElo "2009"]
[BlackElo "2250"]
[Result "1/2-1/2"]
[Round "1"]
1.e4 e5
2.Ng1f3 Ng8f6
3.Nb1c3 Bf8b4
4.Nf3xe5 O-O
5.Ne5d3 Bb4xc3
6.dxc3 Nf6xe4
7.Nd3f4 d6
8.Bf1e2 Nb8c6
9.O-O h6
10.c4 Bc8f5
11.Rf1e1 Nc6e5
12.f3 Ne4f6
13.Bc1e3 Qd8d7
14.c5 dxc5
15.Be3xc5 Rf8d8
16.Qd1xd7 Ne5xd7
17.Bc5f2 Bf5xc2
18.Ra1c1 Bc2a4
19.Rc1xc7 Ba4c6
20.Be2a6 Nf6e8
21.Ba6xb7 Ne8xc7
22.Bb7xc6 Ra8b8
{ draw }
1/2-1/2

[Event "Tourn. n9114"]
[Site "www.chess-mail.com"]
[Date "2016.12.31"]
[Round "1"]
[White "Autmich"]
[Black "Genius3"]
[WhiteElo "1649"]
[BlackElo "1860"]
[Result "0-1"]
[Round "1"]
1.e4 c5
2.Ng1f3 d6
3.d4 cxd4
4.Nf3xd4 Ng8f6
5.Nb1c3 g6
6.Bc1g5 Bf8g7
7.Bf1e2 O-O
8.O-O a6
9.Rf1e1 Nb8c6
10.Qd1d2 Nc6xd4
11.Qd2xd4 Bc8e6
12.Be2f3 Nf6d5
13.Qd4d2 Nd5xc3
14.bxc3 Ra8c8
{ resign }
0-1

[Event "Tourn. n9083"]
[Site "www.chess-mail.com"]
[Date "2016.12.31"]
[Round "1"]
[White "Julian"]
[Black "Pariolinius"]
[WhiteElo "1900"]
[BlackElo "1870"]
[Result "0-1"]
[Round "1"]
1.e4 c5
2.Ng1f3 d6
3.d4 cxd4
4.Nf3xd4 Ng8f6
5.Nb1c3 a6
6.Bf1c4 e6
7.O-O Bf8e7
8.f3 O-O
9.Bc1e3 b5
10.Bc4b3 Bc8b7
11.a4 b4
12.Nc3e2 Nb8c6
13.Nd4xc6 Bb7xc6
14.Qd1e1 a5
15.Ra1d1 Qd8c7
16.Ne2d4 Bc6b7
17.Rf1f2 Rf8c8
18.Nd4b5 Qc7d7
19.Rf2d2 Ra8a6
20.Bb3c4 Rc8xc4
21.b3 Rc4c6
22.e5 Nf6d5
23.exd6 Be7xd6
24.Be3f2 Qd7e7
25.Rd2xd5 exd5
26.Qe1xe7 Bd6xe7
27.Rd1xd5 Rc6xc2
28.Rd5d1 Ra6c6
29.Nb5d4 Rc2c1
{ resign }
0-1

[Event "Match"]
[Site "www.echecsemail.com"]
[Date "2016.12.31"]
[Round "1"]
[White "Actmy"]
[Black "Pellix84"]
[WhiteElo "1499"]
[BlackElo "1970"]
[Result "1-0"]
[Round "1"]
1.e4 c5
2.b3 Nb8c6
3.Bc1b2 e6
4.f4 Ng8e7
5.Ng1f3 d5
6.e5 Ne7f5
7.Nb1c3 a6
8.g3 Bf8e7
9.Bf1h3 O-O
10.O-O b5
11.Bh3xf5 exf5
12.d4 Bc8e6
13.Qd1d2 cxd4
14.Nf3xd4 Be7c5
15.Nc3e2 Qd8b6
16.a3 b4
17.axb4 Bc5xb4
18.c3 Nc6xd4
19.Ne2xd4 Bb4c5
20.Bb2a3 Rf8c8
21.Ba3xc5 Qb6xc5
22.Rf1c1 a5
23.Kg2 Ra8b8
24.Qd2a2 Rb8a8
25.b4 axb4
26.Qa2xa8 bxc3
27.Qa8a4 h6
28.Ra1a3 Rc8b8
29.Rc1xc3 { resign }
1-0

[Event "Match"]
[Site "www.echecsemail.com"]
[Date "2016.12.31"]
[Round "1"]
[White "Pappilova"]
[Black "Azulmarino"]
[WhiteElo "1970"]
[BlackElo "1580"]
[Result "1-0"]
[Round "1"]
1.e4 e5
2.Ng1f3 Nb8c6
3.Bf1b5 a6
4.Bb5a4 Bf8b4
5.c3 Bb4c5
6.b4 Bc5d6
7.O-O h6
8.d4 exd4
9.Nf3xd4 Ng8f6
10.Rf1e1 Nc6xd4
11.Qd1xd4 Qd8e7
12.e5 Bd6xe5
13.Re1xe5 c5
14.Re5xe7 Kxe7
15.Qd4xc5 d6
16.Qc5c7 Nf6d7
17.Ba4xd7 Bc8xd7
18.Qc7xb7 Ra8e8
19.Qb7xa6 Kf8
20.Qa6xd6 Kg8
21.Bc1d2 h5
22.Qd6xd7 Kf8
23.c4 g6
24.Nb1c3 Kg7
25.Bd2e3 Re8d8
26.Qd7h3 Rd8d3
27.Be3h6 Rh8xh6
28.Qh3xd3 Rh6h8
29.h4 { resign }
1-0

[Event "Match"]
[Site "www.echecsemail.com"]
[Date "2016.12.31"]
[Round "1"]
[White "Grad"]
[Black "Gambitmiau"]
[WhiteElo "1499"]
[BlackElo "1930"]
[Result "1-0"]
[Round "1"]
1.e4 Nb8c6
2.d4 d5
3.Nb1c3 dxe4
4.d5 Nc6b4
5.a3 Nb4a6
6.Nc3xe4 e6
7.Ne4c3 Na6c5
8.Bf1b5 Bc8d7
9.dxe6 Nc5xe6
10.Qd1e2 Qd8e7
11.Bc1e3 O-O-O
12.Ng1f3 a6
13.Bb5xa6 Ne6c5
14.Ba6c4 h6
15.O-O-O g5
16.Rh1e1 Ng8f6
17.Be3d4 Rd8e8
18.Qe2xe7 Re8xe7
19.Bd4xf6 Re7xe1
20.Rd1xe1 Rh8g8
21.Bc4xf7 Bd7e6
22.Re1xe6 Nc5xe6
23.Bf7xe6 Kb8
24.Be6xg8 { resign }
1-0

[Event "Match"]
[Site "www.echecsemail.com"]
[Date "2016.12.31"]
[Round "1"]
[White "Raulazo"]
[Black "Gambitmiau"]
[WhiteElo "1940"]
[BlackElo "1860"]
[Result "0-1"]
[Round "1"]
1.e4 Nb8c6
2.Ng1f3 d5
3.Bf1b5 Bc8d7
4.Nb1c3 d4
5.Nc3d5 e6
6.Nd5f4 Bf8c5
7.d3 a6
8.Bb5xc6 Bd7xc6
9.O-O Ng8f6
10.h3 Qd8e7
11.a3 e5
12.Nf4e2 O-O
13.b4 Bc5d6
14.Bc1g5 h6
15.Bg5h4 Bc6d7
16.Qd1d2 Bd7e6
17.c4 c5
18.Bh4xf6 Qe7xf6
19.Ne2g3 b5
20.Ng3h5 Qf6g6
21.Nh5g3 f5
22.Rf1e1 Bd6e7
23.Nf3xe5 Qg6g5
24.Qd2e2 f4
25.Ne5f3 Qg5g6
26.Nf3e5 Qg6g5
27.Ne5f3 Qg5g6
28.Ng3f1 cxb4
29.Nf3e5 Qg6f6
30.Ne5f3 Qf6g6
31.Nf3e5 Qg6g5
32.Ne5f3 Qg5g6
33.Nf3e5 Qg6f6
34.Ne5c6 bxc4
35.e5 Qf6f7
36.Nc6xd4 cxd3
37.Qe2xd3 Be6c4
38.Qd3f3 Bc4d5
39.Qf3e2 Be7c5
40.e6 Qf7g6
41.e7 Qg6xg2
{ resign }
0-1

[Event "1/8 Finale"]
[Site "www.chess-mail.com"]
[Date "2016.12.31"]
[Round "1"]
[White "Asoka"]
[Black "Buchauer"]
[WhiteElo "2690"]
[BlackElo "2740"]
[Result "1/2-1/2"]
[Round "1"]
1.e4 c5
2.Ng1f3 d6
3.d4 cxd4
4.Nf3xd4 Ng8f6
5.Nb1c3 a6
6.Bc1e3 e5
7.Nd4b3 Bc8e6
8.Bf1e2 Bf8e7
9.f4 exf4
10.Be3xf4 Nb8c6
11.Qd1d2 d5
12.exd5 Nf6xd5
13.Nc3xd5 Qd8xd5
14.Qd2xd5 Be6xd5
15.O-O g6
16.c4 Bd5e4
17.Nb3d2 Be4f5
18.Be2f3 O-O-O
19.Bf3d5 Nc6b4
20.Kh1 Be7f6
21.Bd5e4 Rh8e8
22.Be4xf5 gxf5
23.c5 Rd8d4
24.Bf4h6 Re8e6
25.Rf1xf5 Rd4d5
26.Rf5xd5 Nb4xd5
27.Nd2c4 Bf6xb2
28.Nc4xb2 Re6xh6
29.g3 Kc7
30.Ra1c1 Rh6e6
31.Nb2c4 Nd5b4
32.Nc4d6 Nb4d3
33.Rc1c3 Re6e3
34.Kg1 Kc6
35.Nd6xf7 Re3e1
{ draw }
1/2-1/2

[Event "Tourn. n9149"]
[Site "www.chess-mail.com"]
[Date "2017.01.01"]
[Round "1"]
[White "B0zata"]
[Black "Norlavuaram"]
[WhiteElo "2230"]
[BlackElo "2150"]
[Result "0-1"]
[Round "1"]
1.Ng1f3 Ng8f6
2.e3 g6
3.d4 Bf8g7
4.c4 O-O
5.Nb1c3 d5
6.cxd5 Nf6xd5
7.Bf1c4 Nd5xc3
8.bxc3 Nb8d7
9.O-O c5
10.Bc1a3 Nd7b6
11.Bc4d3 cxd4
12.cxd4 Bc8d7
13.Ra1c1 Ra8c8
14.Qd1d2 Rc8xc1
15.Rf1xc1 Rf8e8
16.Ba3c5 Bd7c6
17.Bd3e2 e5
18.Bc5xb6 Qd8xb6
19.Nf3xe5 Bg7xe5
20.dxe5 Re8xe5
21.Qd2c3 Re5e8
22.Rc1d1 Re8d8
23.Rd1xd8 Qb6xd8
24.Qc3d4 Qd8a5
25.Qd4a1 Qa5g5
26.Be2f1 a6
27.Qa1c3 h5
28.f3 Bc6xf3
29.Qc3c8 Kh7
30.Kh1 Bf3c6
31.Qc8c7 Qg5d5
32.a3 Qd5d7
33.Qc7xd7 Bc6xd7
34.Kg1 b5
35.Kf2 a5
36.Ke1 b4
37.axb4 axb4
38.Kd2 Kg7
39.Bf1d3 Kf6
40.Bd3b1 Ke5
41.e4 Kd4
42.Bb1d3 b3
43.Bd3b1 Bd7c6
44.e5 Bc6xg2
45.e6 fxe6
46.Bb1xg6 h4
47.Kc1 Kc3
48.Kd1 Bg2h3
49.Kc1 Bh3f5
50.Bg6xf5 exf5
{ resign }
0-1

[Event "Tourn. n9092"]
[Site "www.chess-mail.com"]
[Date "2017.01.01"]
[Round "1"]
[White "Julian"]
[Black "Bojan"]
[WhiteElo "1910"]
[BlackElo "2050"]
[Result "1-0"]
[Round "1"]
1.e4 e5
2.Ng1f3 d6
3.d4 exd4
4.Nf3xd4 Bc8d7
5.c4 Nb8c6
6.Nb1c3 a6
7.Bc1e3 Bf8e7
8.Bf1e2 Be7f6
9.O-O Ng8e7
10.f3 Ne7g6
11.Qd1d2 h6
12.Ra1d1 Ng6e5
13.b3 Nc6xd4
14.Be3xd4 Ne5c6
15.Bd4xf6 gxf6
16.Nc3d5 a5
17.Qd2f4 f5
18.exf5 Nc6e7
19.f6 Ne7g6
20.Qf4e3 Kf8
21.Be2d3 Ng6e5
22.Bd3e4 c6
23.Nd5e7 Bd7e6
24.Qe3f2 Ke8
25.Qf2d4 Ne5d7
26.Qd4xd6 Nd7xf6
27.Be4xc6 bxc6
28.Qd6xc6 Be6d7
29.Qc6xf6 Rh8h7
30.Rf1e1 Bd7e6
31.Rd1xd8 Ra8xd8
32.Ne7c6 Rd8d6
33.Qf6e7 { resign }
1-0

[Event "Tourn. n9122"]
[Site "www.chess-mail.com"]
[Date "2017.01.01"]
[Round "1"]
[White "Gatrooper"]
[Black "Coolant"]
[WhiteElo "1480"]
[BlackElo "1499"]
[Result "0-1"]
[Round "1"]
1.e4 Nb8c6
2.d4 d5
3.e5 f6
4.exf6 Ng8xf6
5.Nb1c3 Bc8f5
6.Bf1d3 Nc6xd4
7.Bd3xf5 Nd4xf5
 { time }
0-1

[Event "Tourn. n9102"]
[Site "www.chess-mail.com"]
[Date "2017.01.01"]
[Round "1"]
[White "Cal"]
[Black "Autmich"]
[WhiteElo "1550"]
[BlackElo "1699"]
[Result "0-1"]
[Round "1"]
1.d4 Ng8f6
2.Nb1c3 d5
3.h3 e6
4.Ng1f3 c5
5.e3 Nb8c6
6.a3 Bf8d6
7.b3 cxd4
8.exd4 O-O
9.Bc1g5 h6
10.Bg5xf6 Qd8xf6
11.Bf1d3 Kh8
12.O-O Nc6xd4
13.Nf3xd4 Qf6xd4
14.Nc3b5 Qd4b6
15.Qd1f3 Bc8d7
16.Nb5c3 Ra8c8
17.Nc3e2 Bd7c6
18.Qf3h5 e5
19.b4 e4
20.c4 exd3
21.Ne2c3 dxc4
22.Rf1d1 Rf8e8
23.Qh5xf7 Re8f8
24.Qf7g6 Qb6xf2
25.Kh1 Rf8f6
26.Qg6g4 Rf6f4
27.Qg4g6 Rc8f8
28.b5 Rf8f6
29.Qg6h5 Qf2xg2
{ resign }
0-1

[Event "Tourn. n9082"]
[Site "www.chess-mail.com"]
[Date "2017.01.01"]
[Round "1"]
[White "Cal"]
[Black "Madz123456"]
[WhiteElo "1570"]
[BlackElo "1420"]
[Result "0-1"]
[Round "1"]
1.c4 e5
2.e4 Nb8c6
3.a3 Bf8c5
4.d3 d6
5.h3 f5
6.exf5 Bc8xf5
7.Ng1f3 Ng8f6
8.Bf1e2 O-O
9.Nb1c3 a6
10.Bc1e3 Nc6d4
11.Be3xd4 exd4
12.Nc3d5 Nf6xd5
13.cxd5 Qd8e7
14.O-O Ra8e8
15.Rf1e1 Qe7f7
16.Nf3g5 Qf7f6
17.Qd1d2 h6
18.Ng5f3 Bc5b6
19.Nf3h4 Qf6xh4
20.b4 Bf5xh3
21.g3 Qh4f6
22.f4 Re8e3
23.Ra1c1 Re3xg3
24.Kh2 Qf6h4
{ resign }
0-1

[Event "Tourn. n9149"]
[Site "www.chess-mail.com"]
[Date "2017.01.01"]
[Round "1"]
[White "Norlavuaram"]
[Black "Bojan"]
[WhiteElo "2150"]
[BlackElo "2020"]
[Result "1-0"]
[Round "1"]
1.e4 e5
2.Ng1f3 Nb8c6
3.Bf1b5 Qd8f6
4.Nb1c3 Ng8e7
5.O-O g6
6.d3 h6
7.Bc1e3 Nc6d4
8.Bb5c4 c6
9.Nf3d2 d6
10.f4 b5
11.fxe5 Qf6xe5
12.Bc4xf7 Kd8
13.Be3f4 Qe5c5
14.Kh1 Bf8g7
15.Bf4e3 Qc5b4
16.Ra1b1 Bg7e5
17.a3 Qb4a5
18.Nd2b3 Nd4xb3
19.Bf7xb3 Bc8d7
20.d4 Be5g7
21.Qd1d2 Bd7e8
22.e5 d5
23.Nc3e2 Qa5c7
24.c3 Qc7d7
25.Bb3c2 Ne7f5
26.Ne2f4 g5
27.Bc2xf5 Qd7xf5
28.Nf4xd5 Qf5e6
29.Nd5f6 Be8g6
30.Rb1e1 Rh8f8
31.Be3g1 Kc7
32.h3 Rf8f7
33.d5 cxd5
34.Nf6xd5 Kc6
35.Nd5b4 Kb7
36.Rf1xf7 Bg6xf7
37.Qd2d4 a5
38.Nb4d3 Bg7f8
39.Nd3c5 Bf8xc5
40.Qd4xc5 Bf7e8
41.Re1d1 Ra8a6
42.Rd1d6 Ra6xd6
43.exd6 Qe6c8
44.Qc5b6 { resign }
1-0

[Event "Tourn. n9060"]
[Site "www.chess-mail.com"]
[Date "2017.01.01"]
[Round "1"]
[White "Normr"]
[Black "Lachouette"]
[WhiteElo "1699"]
[BlackElo "1489"]
[Result "0-1"]
[Round "1"]
1.e4 e5
2.Ng1f3 d6
3.d4 Bc8g4
4.h3 Bg4xf3
5.Qd1xf3 Qd8f6
6.Nb1d2 Qf6xf3
7.Nd2xf3 Nb8d7
8.Bf1b5 c6
9.Bb5d3 exd4
 { time }
0-1

[Event "Tourn. n8867"]
[Site "www.chess-mail.com"]
[Date "2017.01.01"]
[Round "1"]
[White "Ejner"]
[Black "Nimzo"]
[WhiteElo "2470"]
[BlackElo "2830"]
[Result "0-1"]
[Round "1"]
1.Ng1f3 d5
2.c4 e6
3.g3 Ng8f6
4.Bf1g2 Bf8e7
5.O-O O-O
6.b3 b6
7.Bc1b2 Bc8b7
8.e3 Nb8d7
9.Nb1c3 Nf6e4
10.Qd1e2 Ne4xc3
11.Bb2xc3 dxc4
12.bxc4 Nd7c5
13.Bc3b4 Nc5d7
14.Ra1b1 Be7xb4
15.Rb1xb4 e5
16.d4 exd4
17.exd4 Rf8e8
18.Qe2d2 c5
19.dxc5 Nd7xc5
20.Qd2xd8 Ra8xd8
21.Nf3h4 Bb7xg2
22.Nh4xg2 Re8e2
23.Ng2f4 Re2xa2
24.Nf4d5 Rd8d7
25.Rf1e1 Kf8
26.Re1e3 g6
27.h4 Kg7
28.g4 Ra2d2
29.g5 Rd2d4
30.Nd5f6 Rd7d8
31.h5 gxh5
32.Re3e7 Kg6
33.Re7xa7 Rd8d6
34.Nf6e8 Rd6e6
35.Ne8c7 Re6e1
36.Kg2 Rd4g4
37.Kh2 Nc5d3
38.Rb4xb6 Kxg5
39.Ra7a5 Kh4
{ resign }
0-1

[Event "Tourn. n9112"]
[Site "www.chess-mail.com"]
[Date "2017.01.01"]
[Round "1"]
[White "Gatrooper"]
[Black "Passaroa25"]
[WhiteElo "1480"]
[BlackElo "1590"]
[Result "0-1"]
[Round "1"]
1.e4 c6
2.d4 d6
3.Ng1f3 f6
4.Nb1c3 Bc8e6
5.Bf1e2 Be6f7
6.a3 e5
7.dxe5 Nb8d7
 { time }
0-1

[Event "Tourn. n9050"]
[Site "www.chess-mail.com"]
[Date "2017.01.01"]
[Round "1"]
[White "Llcervello"]
[Black "Cal"]
[WhiteElo "1640"]
[BlackElo "1700"]
[Result "0-1"]
[Round "1"]
1.e4 e5
2.f3 d6
3.c4 c6
4.b4 a6
5.d3 h6
6.g4 Ng8f6
7.Qd1a4 b5
8.Qa4b3 Bf8e7
9.g5 Nf6h5
10.gxh6 g6
11.cxb5 axb5
12.Ng1e2 Bc8e6
13.Qb3c2 Be7h4
14.Kd1 Nh5f4
15.Ne2xf4 exf4
16.Bc1xf4 Nb8d7
17.Nb1d2 Nd7f6
18.Qc2xc6 Kf8
19.Bf4xd6 Kg8
20.d4 Ra8c8
21.Qc6a6 Qd8d7
22.e5 Nf6d5
23.Bd6c5 Nd5c3
24.Kc2 Nc3d5
25.Bf1xb5 Be6f5
26.Nd2e4 Nd5xb4
27.Kb2 Nb4xa6
28.Bb5xd7 Bf5xd7
29.Ra1c1 Rh8xh6
30.Ka1 Bh4d8
31.Rc1b1 Bd7f5
32.Ne4d6 Rc8c6
33.Rb1b7 Na6xc5
34.Nd6xf7 Nc5xb7
35.Nf7xh6 Kg7
36.Nh6xf5 gxf5
37.Rh1g1 Kf7
38.d5 Rc6c5
39.e6 Kf6
40.Rg1b1 Nb7d6
41.Rb1b8 Bd8e7
42.h4 Ke5
43.h5 Be7g5
44.Rb8h8 Rc5xd5
45.Rh8g8 Kxe6
46.Rg8xg5 Rd5d1
47.Kb2 Rd1d3
48.h6 Ke5
49.h7 Nd6f7
50.Rg5h5 Rd3xf3
51.Rh5h4 f4
52.Rh4h5 Kf6
53.h8Q Nf7xh8
54.Rh5xh8 Kg7
55.Rh8h2 Kf6
56.a4 Kg5
57.a5 Kg4
58.a6 Rf3e3
59.a7 Re3e8
60.Kc3 f3
61.Rh2d2 Re8a8
62.Rd2a2 Kg3
63.Kb4 f2
64.Ra2a3 Kg2
65.Ra3a2 Kg1
66.Ra2a1 f1Q
67.Ra1xf1 Kxf1
68.Kb5 Ra8xa7
69.Kb6 Ra7a1
70.Kc6 Ra1d1
71.Kc5 Ke2
72.Kc4 Ke3
73.Kc3 Rd1d4
74.Kc2 Rd4d3
75.Kc1 Kd4
76.Kc2 Kc4
77.Kb2 Rd3c3
78.Kb1 Kb3
79.Ka1 Rc3c1
{ resign }
0-1

[Event "Tourn. n9126"]
[Site "www.chess-mail.com"]
[Date "2017.01.01"]
[Round "1"]
[White "B0zata"]
[Black "Urbe69"]
[WhiteElo "2190"]
[BlackElo "2030"]
[Result "0-1"]
[Round "1"]
1.d4 e6
2.c4 f5
3.Nb1c3 Ng8f6
4.Bc1g5 Bf8b4
5.e3 O-O
6.Ng1f3 Bb4xc3
7.bxc3 h6
8.Bg5xf6 Qd8xf6
9.Bf1d3 d6
10.O-O e5
11.Bd3e2 e4
12.Nf3e1 Nb8d7
13.a4 c5
14.a5 Ra8b8
15.g3 g5
16.Ne1g2 Rf8f7
17.Be2h5 Rf7g7
18.Qd1a4 Nd7f8
19.Ra1b1 Bc8d7
20.Qa4c2 g4
21.d5 Nf8h7
22.Rb1b2 Qf6g5
23.Ng2f4 Nh7f6
24.h4 gxh3
25.Bh5d1 h5
26.Nf4xh3 Qg5h6
27.Nh3f4 h4
28.Kg2 hxg3
29.fxg3 Rg7h7
30.Kf2 Qh6h2
31.Ke1 Qh2xg3
32.Qc2f2 Qg3xf2
33.Rb2xf2 Kf7
34.Rf2b2 Rh7h6
35.Rb2f2 Rb8g8
36.Rf2b2 Bd7c8
37.Nf4e6 Rh6h3
38.Rf1xf5 Rh3xe3
39.Kf1 Bc8xe6
40.Bd1h5 Ke7
41.Rb2xb7 Be6d7
42.Rf5xf6 Kxf6
43.Rb7xd7 Re3xc3
44.Rd7xd6 Ke5
45.Rd6e6 Kf5
46.Bh5e2 Kf4
47.d6 Ke3
48.Be2d1 Rc3c1
49.Re6xe4 Kxe4
50.d7 Rc1xd1
51.Ke2 Rd1a1
52.a6 Rg8g2
{ resign }
0-1

[Event "Tourn. n9052"]
[Site "www.chess-mail.com"]
[Date "2017.01.01"]
[Round "1"]
[White "Redapond1"]
[Black "Francesco"]
[WhiteElo "2049"]
[BlackElo "1960"]
[Result "1/2-1/2"]
[Round "1"]
1.d4 d5
2.Bc1f4 c6
3.Nb1c3 Bc8g4
4.h3 Bg4h5
5.Ng1f3 Bh5xf3
6.exf3 Ng8f6
7.Bf1d3 Nb8d7
8.O-O e6
9.Rf1e1 c5
10.Bd3b5 a6
11.Bb5xd7 Qd8xd7
12.dxc5 Bf8xc5
13.Bf4e5 Bc5e7
14.Be5xf6 Be7xf6
15.Qd1xd5 Bf6xc3
16.Qd5xd7 Kxd7
17.bxc3 Ra8c8
18.Ra1b1 b5
19.Re1d1 Ke7
20.a4 Rc8xc3
21.axb5 axb5
22.Rb1xb5 Rc3xc2
23.Rb5b7 Kf6
24.Rd1d4 Rh8f8
25.Rd4f4 Kg6
26.Rf4g4 Kf6
27.Rb7b4 g6
28.Rb4b5 Rf8d8
29.Rg4f4 Kg7
30.Rb5b7 Rd8f8
31.Rb7b6 Rf8d8
32.Rb6b7 Rd8f8
{ draw }
1/2-1/2

[Event "Match"]
[Site "www.echecsemail.com"]
[Date "2017.01.01"]
[Round "1"]
[White "Bojan"]
[Black "Mitja"]
[WhiteElo "2020"]
[BlackElo "2010"]
[Result "0-1"]
[Round "1"]
1.e4 d5
2.exd5 Qd8xd5
3.Nb1c3 Qd5e5
4.Qd1e2 Qe5xe2
5.Bf1xe2 c6
6.Ng1f3 e6
7.a3 Nb8d7
8.d4 h6
9.Nc3e4 Nd7b6
10.b3 Bf8e7
11.c4 Ng8f6
12.Ne4c5 O-O
13.Bc1f4 Nb6d7
14.Nc5xd7 Bc8xd7
15.Nf3e5 Ra8d8
16.Ne5xd7 Nf6xd7
17.O-O Nd7f6
18.Rf1d1 Nf6e4
19.Rd1d3 Ne4f6
20.h3 a6
21.f3 Nf6h5
22.Bf4e5 Nh5f6
23.g4 Nf6d7
24.Be5c7 Rd8c8
25.Bc7a5 b6
26.Ba5c3 Rf8d8
27.Ra1d1 Nd7f6
28.b4 c5
29.dxc5 Rd8xd3
30.Rd1xd3 bxc5
31.b5 axb5
32.cxb5 Nf6d5
33.Bc3e1 Nd5f4
34.Rd3d2 Nf4xh3
35.Kh2 Nh3f4
36.Be2d1 c4
37.Rd2d4 g5
38.b6 Nf4d5
39.b7 Rc8b8
40.Rd4xc4 Rb8xb7
41.Rc4c8 Kg7
42.Rc8a8 Rb7b1
43.Be1b4 Rb1xd1
44.Bb4xe7 Nd5xe7
45.a4 Ne7d5
46.a5 Rd1a1
47.a6 Nd5f6
48.Kg3 Nf6d5
49.Ra8a7 Nd5b4
50.Ra7b7 Nb4xa6
51.Rb7a7 Ra1a4
52.Ra7a8 Na6c5
53.Ra8c8 Nc5d3
54.Rc8d8 Nd3e5
55.Rd8d1 Kg6
56.Rd1e1 f6
57.Re1b1 Ra4a3
58.Rb1f1 h5
59.gxh5 Kxh5
60.Rf1h1 Kg6
61.Rh1f1 Ra3xf3
62.Rf1xf3 Ne5xf3
63.Kxf3 f5
64.Kg3 Kh5
65.Kh3 e5
66.Kg3 g4
67.Kh2 Kh4
68.Kg2 f4
69.Kh2 e4
70.Kg2 g3
71.Kf1 f3
72.Kg1 e3
73.Kf1 Kh3
{ resign }
0-1

[Event "Match"]
[Site "www.echecsemail.com"]
[Date "2017.01.01"]
[Round "1"]
[White "Normr"]
[Black "Sonny1000"]
[WhiteElo "1699"]
[BlackElo "1340"]
[Result "0-1"]
[Round "1"]
1.e4 e5
2.Ng1f3 f6
3.Bf1c4 Ng8h6
4.d4 Bf8b4
5.c3 Bb4a5
6.O-O g5
7.Nb1d2 g4
8.Nd2b3 gxf3
9.Bc1xh6 d6
10.Qd1xf3 Ba5b6
11.Ra1d1 f5
12.Qf3h5 Kd7
 { time }
0-1